Central Library OPAC University of Rajshahi

রোকেয়া স্মারকগ্রন্থ অর্হা নন্দিনী / (Record no. 78514)

MARC details
000 -LEADER
fixed length control field 00883nam a2200217 a 4500
001 - CONTROL NUMBER
control field 78514
003 - CONTROL NUMBER IDENTIFIER
rucl marc code BD-RjUL
005 - DATE AND TIME OF LATEST TRANSACTION
control field 20211209083134.0
008 - FIXED-LENGTH DATA ELEMENTS--GENERAL INFORMATION
fixed length control field 210929s2021 bg ||||| |||| 00| 0 ben d
035 ## - SYSTEM CONTROL NUMBER
System control number (BD-RjUL)78740
040 ## - CATALOGING SOURCE
Original cataloging agency BD-RjUL
Language of cataloging eng
Transcribing agency BD-RjUL
041 ## - LANGUAGE CODE
Language code of text/sound track or separate title ben
082 ## - DEWEY DECIMAL CLASSIFICATION NUMBER
Edition number 23
Classification number 305.42092
Author mark and year ORH 2021
245 ## - TITLE STATEMENT
Title রোকেয়া স্মারকগ্রন্থ অর্হা নন্দিনী /
Statement of responsibility, etc. সম্পাদক মোবাররা সিদ্দিকা
260 ## - PUBLICATION, DISTRIBUTION, ETC. (IMPRINT)
Place of publication, distribution, etc. রাজশাহী :
Name of publisher, distributor, etc. রোকেয়া হল রা.বি.,
Date of publication, distribution, etc. ২০২১
300 ## - PHYSICAL DESCRIPTION
Pagination ৭৯ পৃ.;
Size ২৫ সেমি.
600 ## - SUBJECT ADDED ENTRY--PERSONAL NAME
Personal name রোকেয়া, বেগম,
Dates associated with a name ১৮৮০-১৯৩২
Personal name Rokeya, Begama,
Dates associated with a name 1880-1932
700 ## - ADDED ENTRY--PERSONAL NAME
Personal name সিদ্দিকা, মোবাররা
942 ## - ADDED ENTRY ELEMENTS (KOHA)
Source of classification or shelving scheme Dewey Decimal Classification
Koha item type Books
Holdings
Lost status Source of classification or shelving scheme Damaged status Not for loan Collection code Permanent Location Current Location Shelving location Date acquired Source of acquisition Cost, normal purchase price Total Checkouts Full call number Date last seen Copy number Koha item type
  Dewey Decimal Classification     Non-fiction Central Library, University of Rajshahi Central Library, University of Rajshahi   26/09/2021 Author 270.00   B 305.42092 ORH 2021 29/09/2021 C-2 Books
  Dewey Decimal Classification     Non-fiction Central Library, University of Rajshahi Central Library, University of Rajshahi   26/09/2021 Author 270.00   B 305.42092 ORH 2021 29/09/2021 C-3 Books
  Dewey Decimal Classification   Not For Loan Non-fiction Central Library, University of Rajshahi Central Library, University of Rajshahi Reading Room 26/09/2021 Author 270.00   B 305.42092 ORH 2021 29/09/2021 C-1 Books